The edge of another world / (Record no. 142735)

MARC details
000 -LEADER
fixed length control field 00501nam a22001817a 4500
005 - DATE AND TIME OF LATEST TRANSACTION
control field 20170720152858.0
010 ## - LCCN (DPL NO)
LC control number ENG-119303
020 ## - INTERNATIONAL STANDARD BOOK NUMBER
International Standard Book Number 97893852288371
Terms of availability 399.00
035 ## - SYSTEM CONTROL NUMBER
System control number EN-102835
037 ## - SOURCE OF ACQUISITION
Source of stock number/acquisition DBAD/PUB
082 00 - DEWEY DECIMAL CLASSIFICATION NUMBER
Classification number N
100 ## - MAIN ENTRY--PERSONAL NAME
Personal name Seth,Pepita
245 14 - TITLE STATEMENT
Title The edge of another world /
Statement of responsibility, etc by Pepita Seth
260 ## - PUBLICATION, DISTRIBUTION, ETC. (IMPRINT)
Place of publication, distribution, etc New Delhi
Name of publisher, distributor, etc Speaking Tiger Publishing
Date of publication, distribution, etc 2015
270 ## - ADDRESS
Address 4381/4,Ansari Road,Daryaganj
City New Delhi
Postal code 110002
300 ## - PHYSICAL DESCRIPTION
Extent 400p.
Dimensions 22cm.(pbk)
942 ## - ADDED ENTRY ELEMENTS (KOHA)
Source of classification or shelving scheme Dewey Decimal Classification
Item type English Books
Classification part N
Call number suffix SET
Holdings
Withdrawn status Lost status Not for loan Collection code Home library Current library Date acquired Source of acquisition Cost, normal purchase price Full call number Barcode Copy number Koha item type
    Not For Loan Non-fiction D.B.Act.Division Bawana 20/07/2017 DBAD/PUB 399.00 N SET EN-102835 399.00 English Books

© Delhi Public Library
Hit Counter
free hit counter